| 000 | 00761nam a2200229 i 4500 | ||
|---|---|---|---|
| 001 | 32024 | ||
| 003 | ES-MaACL | ||
| 005 | 20250731070129.0 | ||
| 007 | t| | ||
| 008 | 021129s1975 sp ||||1| spa d | ||
| 020 | _a84-313-0418-9 | ||
| 080 | _a821.134.2-3.09"19" | ||
| 245 | 0 | 0 |
_aPapeles sobre la "nueva novela" española / _c[recopilado por] M. García Viñó. |
| 260 |
_aPamplona : _bEunsa, _c[1975] |
||
| 300 |
_a203 p. ; _c18 cm. |
||
| 490 | 1 |
_aColección cultural de bolsillo. Temas NT ; _v16 |
|
| 650 | 1 | 4 |
_aNovela española- _yS.XX- _xHistoria y crítica _915617 |
| 700 | 1 |
_aGarcía Viñó, M. _955416 |
|
| 830 | 0 |
_aColección cultural de bolsillo. Temas NT ; _v16 _9229400 |
|
| 852 |
_aES-MaACL _jL-26069 _bR.131826 |
||
| 999 |
_c32024 _d32024 |
||